000
00283nam a22001217a 4500
008
180815b xxu||||| |||| 00| 0 eng d
041
_a
eng
080
_a
61
100
_a
3
101
_a
shm
245
_a
current therapy in crtical care medicine
_c
parrillo.j.e
942
_2
udc
_c
BK
999
_c
47183
_d
47183